00787nam a22002897a 450000500170000000800410001702000180005802000180007604000130009408200170010724500650012425000120018926000410020130000150024250000180025754600080027565000270028370000220031070000240033270000220035670000160037870000210039470000220041570000180043770000230045570000190047820260410114832.0260410m20252012|||||||| |||| 00| 0 eng d a9781394267323 a9781394267316 cPK-LaUMT a370.15bEDU-00aEducational psychology /cby Angela O'Donnell . . . [et al.] a4th ed. aBrisbane :bJohn Wiley & Sons,c2025 axi, 639 p. aIndex present aEng aEducational psychology1 aO'Donnell, Angela1 aReeve, Johnmarshall1 aSmith, Jeffrey K.1 aDobozy, Eva1 aNagel, Michael C1 aBartlett, Brendan1 aSmala, Simone1 aWormald, Catherine1 aYates, Gregory